| 000 | 00774nam a2200217Ii 4500 | ||
|---|---|---|---|
| 003 | JO-AjNU | ||
| 008 | 230605s9999||||xx |||||||||||||| ||und|| | ||
| 017 | _a2009/3/847 | ||
| 040 |
_aJO-AjNU _bara _erda _cJO-AjNU |
||
| 041 | _aara | ||
| 050 | 1 | 4 | _aDS109.9.M32 2011 |
| 100 | 3 |
_aدراسة واعداد المدني، زياد عبد العزيز محمد, _eauthor _950571 |
|
| 245 | 0 | 0 | _aأوقاف القدس في القرن الثامن عشر الميلادي 1112هجري/1700م- 1214هجري/1977م |
| 250 | _aط1 | ||
| 264 | 3 | 1 | _aعمان المؤلف، 2011 |
| 300 | _a631ص | ||
| 336 |
_atext _btxt _2rdacontent |
||
| 337 |
_aunmediated _bn _2rdamedia |
||
| 338 |
_avolume _bnc _2rdacarrier |
||
| 650 | 4 |
_aالقدس-تاريخ فلسطين- الوقف _950572 |
|
| 999 |
_aA22285 _c25853 _d25853 |
||